Business and infromation systems / (Record no. 575)

MARC details
000 -LEADER
fixed length control field 00626nam a2200205 a 4500
001 - CONTROL NUMBER
control field 575
005 - DATE AND TIME OF LATEST TRANSACTION
control field 20221127085954.0
008 - FIXED-LENGTH DATA ELEMENTS--GENERAL INFORMATION
fixed length control field 050920s lxxua 00100|eng d
020 ## - INTERNATIONAL STANDARD BOOK NUMBER
International Standard Book Number 0130895266(hpb) :
Terms of availability SR256.00
035 ## - SYSTEM CONTROL NUMBER
System control number 588
082 04 - DEWEY DECIMAL CLASSIFICATION NUMBER
Classification number 658.4038
Item number N534 2001
100 1# - MAIN ENTRY--PERSONAL NAME
Personal name Nickerson, Robert C.
245 10 - TITLE STATEMENT
Title Business and infromation systems /
Statement of responsibility, etc. Robert C. Nickerson.
250 ## - EDITION STATEMENT
Edition statement 2nd ed.
260 ## - PUBLICATION, DISTRIBUTION, ETC.
Place of publication, distribution, etc. Upper Saddle River, NJ :
Name of publisher, distributor, etc. Prentice Hall,
Date of publication, distribution, etc. 2001.
300 ## - PHYSICAL DESCRIPTION
Extent xxv, 494 p. :
Other physical details ill. ;
Dimensions 26 cm.,
500 ## - GENERAL NOTE
General note Includes index.
650 #4 - SUBJECT ADDED ENTRY--TOPICAL TERM
Topical term or geographic name entry element Management information systems.
650 #4 - SUBJECT ADDED ENTRY--TOPICAL TERM
Topical term or geographic name entry element Information technology
General subdivision Management.
Holdings
Withdrawn status Lost status Source of classification or shelving scheme Damaged status Not for loan Home library Current library Date acquired Total Checkouts Full call number Barcode Date last seen Copy number Price effective from Koha item type
              11/27/2022   658.4038 N534 2001 1000000006119 11/27/2022 C4 11/27/2022 Book
          CENTRAL CENTRAL 11/27/2022   658.4038 N534 2001 1000000001580 11/27/2022 C1 11/27/2022 Book
          CENTRAL CENTRAL 11/27/2022   658.4038 N534 2001 1000000001579 11/27/2022 C2 11/27/2022 Book
          KHOBAR KHOBAR 11/27/2022   658.4038 N534 2001 1000000003895 11/27/2022 C3 11/27/2022 Book